000 01129cam a2200265 4500
001 hew68000109
003 DLC
005 20260227111517.0
008 700826s1967 dcua 000 0 eng c
010 _ahew68000109
040 _aU.S. Dept. of Health, Education, and Welfare. Library L112
_cDLC
_dDLC
043 _an-us---
050 0 0 _aL112
_b.S8
082 0 0 _a371.1/00973
245 0 0 _aStaffing for better schools under title I, Elementary and secondary education act of 1965.
_c[Prepared by Malcolm M. Provus and others.
260 _aWashington]
_bU.S. Dept. of Health, Education, and Welfare, Office of Education; [for sale by the Supt. of Docs., U.S. Govt. Print. Off.,
_c1967]
300 _avi, 40 p.
_billus.
_c24 cm.
350 _a0.30
500 _a"OE-23049."
500 _aPrepared pursuant to contract number OE C1-7000103-0103 of the U.S. Office of Education.
650 0 _aChildren with social disabilities
_xEducation
_zUnited States.
650 0 _aTeachers of children with social disabilities
_zUnited States.
650 0 _aTeachers' assistants
_zUnited States.
700 1 _aProvus, Malcolm M.,
_d1928-
999 _c34799
_d34799